El Montseny : Parque Natural / por Antonio Jonch Parque Natural / por Antonio Jonch
Descripción Física:
37 p., [2] p. de làm., [2] map. ; 25 cm
Otros Autores:
Centro de Iniciativas y Turismo del Vallès Oriental
Materias:
Montseny (Catalunya : Massís)
MARC
| LEADER | 00000nam a2200000Ia 4500 | ||
|---|---|---|---|
| 001 | 1752 | ||
| 008 | 160829s1953 xx 000 0 cat d | ||
| 080 | |a FU-4-36 | ||
| 100 | |a Jonch i Cuspinera, Antoni |9 40657 | ||
| 245 | |a El Montseny : |b Parque Natural / por Antonio Jonch | ||
| 260 | |a Granollers : |b Centro de Iniciativas y Turismo del Vallès Oriental, |c 1953 | ||
| 300 | |a 37 p., [2] p. de làm., [2] map. ; |c 25 cm | ||
| 651 | 0 | |a Montseny (Catalunya : Massís) |9 50902 | |
| 700 | |a Centro de Iniciativas y Turismo del Vallès Oriental |9 24772 | ||
| 856 | 4 | |u https://media.diba.cat/diba/fitxers/arxiu/fulletons/bib_1752_baixa.pdf |y Accés lliure | |
| 856 | 4 | |u https://media.diba.cat/diba/fitxers/arxiu/fulletons/bib_1752_baixa.pdf |y Accés lliure | |
| 901 | |a Arxiu | ||
| 942 | |n 1 |2 udc | ||
| 952 | |0 0 |1 0 |4 0 |6 FU436 |7 1 |9 43311 |a Arxiu |b Arxiu |d 2016-12-01 |l 0 |o FU-4-36 |p 1752 |r 2016-12-01 00:00:00 |w 2016-12-01 |y ARXIU | ||
| 999 | |c 45856 |d 45856 | ||
| 900 | |a bib_1752_baixa.pdf | ||